| 000 | 00681nam a2200181Ia 4500 | ||
|---|---|---|---|
| 008 | 100920s9999 xx 000 0 und d | ||
| 082 |
_b99645 _a150 न 07 |
||
| 100 | _aपेरेइरा ए.पी. अनु. देशपांडे विश्वनाथ. | ||
| 245 | _aयशाचा आणि सुखाचा मार्ग. | ||
| 260 |
_bसाकेतऔरंगाबाद. _c2007 |
||
| 300 |
_a104 _bसाधी |
||
| 365 | _b70 | ||
| 520 | _aशाउ. | ||
| 630 | _aयशाचा आणि सुखाचा मार्ग. | ||
| 650 | _aशाउ. | ||
| 730 | _aयशाचा आणि सुखाचा मार्ग. | ||
| 942 | _cBOOK | ||
| 999 |
_c740083 _d740080 |
||